| 000 | 00515cam a2200205ua 4500 | ||
|---|---|---|---|
| 020 |
_a81-85015-59-7 _c225.00 |
||
| 041 |
_aeng _h |
||
| 082 |
_a541.3 _bCAS/PH |
||
| 100 | _aCastellan, Gilbert W . | ||
| 245 |
_aPhysical chemistry / _cGilbert W Castellan. _hTextual Documents |
||
| 250 |
_a3 / _b. |
||
| 260 |
_aChennai : _bNarosa Publishing House , _c1995. |
||
| 300 | _a1017 ; . | ||
| 365 | _a225.00 | ||
| 500 | _a*CSS | ||
| 504 | _a | ||
| 942 | _cBK | ||
| 999 |
_c7530 _d7530 |
||